Visual communicating
Αποθηκεύτηκε σε:
| Κύριος συγγραφέας: | |
|---|---|
| Μορφή: | Βιβλίο |
| Γλώσσα: | English |
| Δημοσίευση: |
Englewood Cliffs, N.J. :
Educational Technology Publications,
1993
|
| Θέματα: | |
| Ετικέτες: |
Προσθήκη ετικέτας
Δεν υπάρχουν, Καταχωρήστε ετικέτα πρώτοι!
|
MARC
| LEADER | 00000nam a2200000 i 4500 | ||
|---|---|---|---|
| 001 | 1/73543 | ||
| 008 | 980605s1993 eng d | ||
| 020 | |a 0-87778-248-2 | ||
| 035 | |l 10031543 | ||
| 035 | |a 1995 |b 3 |c Μεϊμάρης | ||
| 040 | |a GR-MY-UA |b gre |e aacr | ||
| 041 | 0 | |a eng | |
| 082 | 0 | |a 371.335 |2 (20) | |
| 100 | 1 | |a Wileman, Ralph E. | |
| 245 | 1 | 0 | |a Visual communicating / |c Ralph E. Wileman |
| 260 | |a Englewood Cliffs, N.J. : |b Educational Technology Publications, |c 1993 | ||
| 300 | |a viii, 147 p.; |b ill.; |c 28 cm | ||
| 504 | |a Includes bibliographical references and index | ||
| 650 | 0 | 0 | |a Teaching |x Audio-visual aids. |
| 650 | 0 | 0 | |a Visual communication |x Problems, exercises, etc. |
| 852 | |a INST |b RHODES |e 19980605 |h 371.335 WIL |p 005400011664 |q 005400011664 |t BK |y 0 | ||
| 909 | |a Ρ |b 043427 |c 1995 | ||